Statistics for Citric Acid Cycle

Click here to take the quiz!

General Stats

  • This quiz has been taken 14 times
  • The average score is 16 of 33

Answer Stats

HintAnswer% Correct
I
100%
Citrate
89%
Iso-citrate
89%
Malate
78%
Enzyme MnemonicSo
78%
Succinate
78%
a-Ketoglutarate
67%
a-Ketoglutarate Dehydrogenase
67%
Fumarate
67%
Oxaloacetate
67%
Succinyl-CoA
67%
SubstrateAcetyl-CoA
56%
Succinate Dehydrogenase
56%
Aconitase
44%
EnzymesCitrate Synthase
44%
For
44%
Fumarase
44%
Substate MnemonicCan
33%
Isocitrate Dehydrogenase
33%
Keep
33%
Malate Dehydrogenase
33%
Money
33%
Officer
33%
Selling
33%
Succinyl-CoA Synthase
33%
At
22%
Devil
22%
Disco
22%
Down
22%
Drinks
22%
Five
22%
Substances
22%
Slipped
11%

Score Distribution

Percentile by Number Answered

Percent of People with Each Score

Your Score History

You have not taken this quiz